|
|
|
|
| LEADER |
00000cam a2200000 7i4500 |
| 001 |
0000005648 |
| 005 |
20161208093000.0 |
| 008 |
021119s1982 |
| 020 |
|
|
|a 977735617X
|
| 090 |
0 |
0 |
|a BF851
|b .M8 1982
|
| 100 |
0 |
|
|a مراد، يوسف ,
|e author
|
| 241 |
0 |
3 |
|a al-Firasah inda al-Arab wa kitab al-Firasah li-Fakhr al-Din al-Razi
|
| 245 |
1 |
2 |
|a الفراسة عند العرب وكتاب "الفراسة" لفخر الدين الرازي
|c يوسف مراد
|f ترجمة وتقديم مراد وهبة
|f مراجعة ابراهيم بيومى مدكور
|
| 260 |
2 |
|
|a [s.l.] :
|b al-Maktabah al-`Arabiyah ,
|c 1982
|
| 300 |
|
|
|a 178 p. ;
|c 24 cm.
|
| 650 |
|
0 |
|a Physiognomy
|
| 700 |
1 |
|
|a رازي، فخر الدين محمد بن عمر ,
|e author
|
| 700 |
1 |
|
|a وهبة، مراد ,
|e author
|
| 999 |
|
|
|a 1000013281
|b Book
|c OPEN SHELF (30 DAYS)
|e Gong Badak Campus
|